[Event "Invitation"]
[Site "http://www.queenalice.com/game.php?id=24416"]
[Date "2005.8.16"]
[Round "-"]
[White "khristinaw"]
[Black "bimbo"]
[Result "0-1"]
[WhiteElo "1195"]
[BlackElo "1469"]

1. d4 Nf6 2. Nf3 g6 3. Bf4 Bg7 4. Nbd2 O-O 5. e3 d6 6. Bd3 Bg4 7. Qe2 Nbd7 8.
O-O c6 9. c3 e5 10. Bg3 Re8 0-1

[Event "Invitation"]
[Site "http://www.queenalice.com/game.php?id=24572"]
[Date "2005.8.17"]
[Round "-"]
[White "Bryan_tan"]
[Black "bimbo"]
[Result "1-0"]
[WhiteElo "1447"]
[BlackElo "1548"]

1. e4 d6 2. d4 Nf6 3. Nc3 g6 4. g3 Bg7 5. Bg2 O-O 6. Nf3 Bg4 7. O-O c5 8. d5
Nbd7 9. Qd3 Ne5 10. Nxe5 dxe5 11. Bg5 Qd7 12. Rfe1 Bh3 13. Bxf6 Bxf6 14. Qc4
Rac8 15. Rad1 Rcd8 16. Qb5 Qg4 17. f3 Qh5 18. Qxc5 a6 19. Qf2 Rc8 20. Rd3 b5 21.
Qf1 Bd7 22. f4 exf4 23. Qxf4 b4 24. e5 Bg5 25. Qxb4 Rb8 26. Qa3 Bc8 27. b3 Bb7
28. d6 exd6 29. exd6 Bxg2 30. Kxg2 Ra8 31. d7 Rfd8 32. Qa4 a5 33. Re8+ Kg7 34.
Nd1 f5 35. Qd4+ Kh6 36. Qh8 Qg4 37. h4 Bc1 38. Rxd8 Rxd8 39. Qxd8 Qe2+ 40. Nf2
Bb2 41. Qg5+ Kg7 42. d8=Q Ba3 43. Rd7+ Be7 44. Rxe7+ Qxe7 45. Qdxe7+ Kg8 46.
Qgf6 g5 47. Qe8# 1-0

[Event "AUTO-OPEN-149"]
[Site "http://www.queenalice.com/game.php?id=30274"]
[Date "2005.9.25"]
[Round "1"]
[White "master3001"]
[Black "bimbo"]
[Result "1-0"]
[WhiteElo "1765"]
[BlackElo "1523"]

1. e4 d6 2. Nf3 Nf6 3. Nc3 g6 4. d4 Bg7 5. Bg5 O-O 6. Qd2 c5 7. dxc5 dxc5 8.
Qxd8 Rxd8 9. e5 Nd5 10. Nxd5 Rxd5 11. Bc4 Rd8 12. Bxe7 Rd7 13. Bd6 Na6 14. Rd1
b6 15. Bb5 Rd8 16. Bc6 Bd7 17. Bxa8 Rxa8 18. c3 Re8 19. O-O Bc6 20. Rfe1 Bb5 21.
h3 Ba4 22. b3 Bc6 23. Ng5 b5 24. Ne4 Bxe5 25. Bxe5 Rxe5 26. Nf6+ Kg7 27. Rxe5
Nc7 28. Rxc5 Be4 29. Nxe4 Ne6 30. Rxb5 f5 31. Rb7+ 1-0

[Event "AUTO-OPEN-149"]
[Site "http://www.queenalice.com/game.php?id=30275"]
[Date "2005.9.25"]
[Round "1"]
[White "bimbo"]
[Black "master3001"]
[Result "0-1"]
[WhiteElo "1511"]
[BlackElo "1771"]

1. d4 Nf6 2. Nf3 d5 3. Bf4 Bf5 4. e3 e6 5. Bd3 Be4 6. Be2 Bd6 7. Bg5 h6 8. Bxf6
Qxf6 9. O-O Nd7 10. Nbd2 Bxf3 11. Nxf3 O-O 12. Re1 c6 13. Qd3 e5 14. c3 e4 15.
Qd2 exf3 16. Bxf3 Rfe8 17. Rad1 Re7 18. b3 Rae8 19. c4 Qg5 20. cxd5 cxd5 21. a4
Nf6 22. Rc1 Ne4 23. Qd3 Qh4 24. Rc2 Qxh2+ 25. Kf1 Bb4 26. Rec1 Ng3+ 27. fxg3
Rxe3 28. Qf5 Re1+ 29. Rxe1 Rxe1+ 0-1

[Event "AUTO-OPEN-149"]
[Site "http://www.queenalice.com/game.php?id=30296"]
[Date "2005.9.25"]
[Round "1"]
[White "Tiago"]
[Black "bimbo"]
[Result "0-1"]
[WhiteElo "1400"]
[BlackElo "1502"]

1. e4 d6 2. Qf3 Nf6 3. Bc4 g6 4. g4 Bxg4 5. Qb3 e6 6. f3 Bh5 7. Qxb7 Nbd7 8. Nc3
Bg7 9. Qc6 O-O 10. b3 Rb8 11. Ba3 Re8 12. Nh3 Bxf3 13. Rf1 Bg2 14. Rf2 Bxh3 15.
Ne2 Ne5 16. Qa4 Nxc4 17. Qxc4 d5 18. exd5 exd5 19. Qh4 Bf5 20. Kd1 Bg4 21. Kc1
Bxe2 22. c3 c6 23. Kb2 Ba6 24. Qa4 Ne4 25. Rff1 Bxf1 26. Rxf1 Nxd2 27. Rf2 Ne4
28. Re2 Nxc3 29. Qa6 Rxe2+ 30. Kc1 Rxa2 31. Qxa7 Rxb3 32. Qe7 Ne2+ 33. Kd1 Rb1+
34. Bc1 Rxc1# 0-1

[Event "AUTO-OPEN-149"]
[Site "http://www.queenalice.com/game.php?id=30297"]
[Date "2005.9.25"]
[Round "1"]
[White "bimbo"]
[Black "Tiago"]
[Result "1-0"]
[WhiteElo "1528"]
[BlackElo "1389"]

1. d4 d5 2. Nf3 f6 3. Bf4 g5 4. Bg3 b6 5. e3 e6 6. Bd3 Ba6 7. Bxa6 Nxa6 8. O-O
g4 9. Nfd2 Ne7 10. c4 Bh6 11. Nc3 Nf5 12. Bf4 Nb4 13. Qxg4 Nd3 14. Rab1 Ke7 15.
Bxh6 Rg8 16. Qh5 c6 17. b4 Qe8 18. Qxe8+ Rgxe8 19. b5 Nxh6 20. bxc6 Rh8 21. cxd5
exd5 22. Nxd5+ Kd6 23. Nxf6 Raf8 24. Nd7 Rc8 25. Rb3 Kxc6 26. Rxd3 Kxd7 27. h3
Rc2 28. d5 Rxa2 29. Rc1 Nf7 30. Ne4 Ne5 31. Nf6+ Ke7 32. Ne4 Nxd3 33. Rc7+ Kd8
34. d6 Re8 35. Nf6 1-0

[Event "AUTO-OPEN-149"]
[Site "http://www.queenalice.com/game.php?id=30308"]
[Date "2005.9.25"]
[Round "1"]
[White "vinchent78"]
[Black "bimbo"]
[Result "1-0"]
[WhiteElo "1787"]
[BlackElo "1501"]

1. d4 Nf6 2. c4 g6 3. Nc3 Bg7 4. e4 O-O 5. e5 Ne8 6. h4 d6 7. h5 Bf5 8. hxg6
fxg6 9. exd6 exd6 10. Be3 Nf6 11. Qd2 Re8 12. Be2 Nbd7 13. Bh6 c6 14. Bxg7 Kxg7
15. Qh6+ Kf7 16. O-O-O Qc7 17. g4 Be6 18. g5 Ng8 19. Qxh7+ Kf8 20. Qxg6 Bf7 21.
Qf5 Ke7 22. Rh7 Rf8 23. g6 Rae8 24. gxf7 Rc8 25. fxg8+=Q+ Ke8 26. Bh5+ Kd8 27.
Qfxf8+ Nxf8 28. Qxf8# 1-0

[Event "AUTO-OPEN-149"]
[Site "http://www.queenalice.com/game.php?id=30309"]
[Date "2005.9.25"]
[Round "1"]
[White "bimbo"]
[Black "vinchent78"]
[Result "0-1"]
[WhiteElo "1535"]
[BlackElo "1771"]

1. d4 Nf6 2. Nf3 e6 3. Bf4 d5 4. e3 c5 5. Bd3 Nc6 6. O-O Be7 7. Nbd2 O-O 8. Re1
Nh5 9. c3 Nxf4 10. exf4 c4 11. Bc2 f6 12. b3 cxb3 13. Bxb3 Bd6 14. Qc2 Bxf4 15.
Rab1 Na5 16. Ba4 a6 17. Qd3 e5 18. dxe5 fxe5 19. Nxe5 Bf5 20. Ne4 dxe4 21. Qxd8
Raxd8 22. Bb3+ Nxb3 23. axb3 Bxe5 24. c4 e3 25. Rbd1 Bxh2+ 26. Kxh2 exf2 27. Rf1
Bd3 28. Rh1 f1=Q 29. Rhxf1 Bxf1 30. Rxd8 Rxd8 31. Kg1 Bxc4 0-1

[Event "AUTO-OPEN-182"]
[Site "http://www.queenalice.com/game.php?id=40137"]
[Date "2005.11.27"]
[Round "1"]
[White "bimbo"]
[Black "dll"]
[Result "1-0"]
[WhiteElo "1556"]
[BlackElo "1813"]

1. d4 Nf6 2. Nf3 g6 3. Bf4 Bg7 4. e3 O-O 5. Bd3 d6 6. O-O Nbd7 7. c4 Re8 8. Nc3
e5 9. dxe5 dxe5 10. Bg5 c6 11. Qc2 Qc7 12. Rfd1 h6 13. Bxf6 Nxf6 14. b3 a5 15.
Rd2 Be6 16. Rad1 Rad8 17. a4 1-0

[Event "AUTO-OPEN-182"]
[Site "http://www.queenalice.com/game.php?id=40138"]
[Date "2005.11.27"]
[Round "1"]
[White "dll"]
[Black "bimbo"]
[Result "0-1"]
[WhiteElo "1813"]
[BlackElo "1524"]

1. e4 d6 2. d4 Nf6 3. Nc3 g6 4. f4 Bg7 5. Be2 O-O 6. Be3 Bd7 7. Nf3 c5 8. dxc5
Nc6 9. cxd6 exd6 10. Qxd6 Re8 11. e5 Bf8 12. Qd2 Be6 13. Qxd8 Rexd8 14. exf6 Bh6
15. Kf2 Nb4 16. Rac1 a6 17. a3 Nc6 0-1

[Event "AUTO-OPEN-182"]
[Site "http://www.queenalice.com/game.php?id=40141"]
[Date "2005.11.27"]
[Round "1"]
[White "bimbo"]
[Black "federal"]
[Result "0-1"]
[WhiteElo "1584"]
[BlackElo "1358"]

1. d4 e6 2. Nf3 c6 3. Bf4 Qb6 4. c4 Qxb2 5. Nbd2 Ba3 6. e3 Na6 7. Bd3 Nb4 8. Bb1
Qxa1 9. O-O Na6 10. Qa4 Qc3 11. Ne4 Qb2 12. Bd6 b5 13. Qa5 f5 14. Be5 Nf6 15.
Bd6 b4 16. Neg5 b3 17. axb3 Bxd6 18. c5 Bc7 19. Qb4 Nxb4 20. Re1 Ng4 21. Rf1 Ba6
22. Bd3 Nxd3 0-1

[Event "AUTO-OPEN-182"]
[Site "http://www.queenalice.com/game.php?id=40142"]
[Date "2005.11.27"]
[Round "1"]
[White "federal"]
[Black "bimbo"]
[Result "1-0"]
[WhiteElo "1383"]
[BlackElo "1558"]

1. e4 d6 2. Bc4 Nf6 3. Nh3 g6 4. d3 Bg7 5. c3 O-O 6. Qb3 Bd7 7. Qxb7 Nc6 8. Qb3
Rb8 9. Qa4 Re8 10. Ng5 e6 11. Na3 Nd4 12. Qd1 Nc6 13. O-O h6 14. Nh3 e5 15. Qa4
Ne7 16. Bb5 Bxb5 17. Nxb5 Qd7 18. Be3 Rxb5 19. c4 Rxb2 20. Qxa7 Nc6 21. Qa4 Rbb8
22. f3 1-0